00441nam a2200121Ia 4500008004100000245018000041260001700221260000900238300000800247650002300255650001200278856002900290170516s9999 xx 000 0 und d aDevelopment of a Loop Mediated Isothermal Amplification (LAMP) - Surface Enhanced Raman spectroscopy (SERS) Assay for the Detection of Salmonella Enterica Serotype Enteritidis bTheranostics c2016 a6:4 xMedical Technology xMedtech uhttp://www.thno.org/v6i4